Sociolingüística y pragmática del español

Salvato in:
Dettagli Bibliografici
Autore principale: Silva-Corvalán, Carmen (Autore)
Natura: Libro
Lingua:spagnolo
Pubblicazione: Washington, D.C Georgetown University 2001
Serie:Spanish Language-Linguistics
Soggetti:
Tags: Aggiungi Tag
Nessun Tag, puoi essere il primo ad aggiungerne!!

MARC

LEADER 00000cam a2200000 a 4500
001 UCL8531
003 CL-VaPUC
008 040625e20010000us |||||||||||||||||spa|d
020 |a 087840872X 
082 0 4 |a 306.44  |b SIL  |2 21 
100 0 |a Silva-Corvalán, Carmen  |e author  |9 486414 
245 1 0 |a Sociolingüística y pragmática del español 
300 |a 367 p 
942 |c BK 
945 |d 20040625 00:00:00  |a cmena 
260 |a Washington, D.C  |b Georgetown University  |c 2001 
650 0 |a Idioma español  |9 309143 
650 0 |a Lenguaje hablado  |9 339599 
650 0 |a Sociolingüística  |9 263716 
650 0 |a Pragmatismo  |9 316729 
583 |a last modification  |c 20150320 03:55:21  |k Rodrigo Vera 
490 0 |a Spanish Language-Linguistics 
999 |c 309766  |d 309764 
952 |0 0  |1 0  |4 0  |6 306_440000000000000_SIL_2001  |7 0  |8 A  |9 377506  |a FDOPOS  |b FDOPOS  |d 2019-11-21  |i 4029917  |o 306.44 SIL 2001  |p 4029917  |r 2025-01-22  |w 2019-11-21  |y BK  |k MLA 
952 |0 0  |1 0  |3 erb  |4 0  |6 306_440000000000000_SIL_2001  |7 0  |8 A  |9 377507  |a BIBEDU  |b BIBEDU  |i 5142474  |o 306.44 SIL 2001  |p 5142474  |r 2019-11-21  |w 2019-11-21  |y BK  |z Catalogado en:20150326  |k LIT